000 00492nam a2200169 a 4500
005 20140412111319.0
008 001129s19uu xx 00 eng d
020 _a0-590-73302-8
050 _aBB
_bGo591 1975
100 _aBrown, Margaret Wise
245 _aGoodnight moon /
_cby Margaret Wise Brown ; pictures by Clement Hurd.
260 _aNew York :
_bScholastic Inc,
_c1975.
300 _a1 v. (unp.) ; ill.
650 _aMoon stories
650 _aChildren stories
999 _c104335
_d104335